000 01355nam a2200325Ia 4500
001 ebr10446987
003 CaPaEBR
006 m u
007 cr cn|||||||||
008 090904s2010 enka sb 001 0 eng d
010 _z 2009035445
020 _z1849050015 (alk. paper)
020 _z9781849050012 (alk. paper)
040 _aCaPaEBR
_cCaPaEBR
035 _a(OCoLC)699510364
050 1 4 _aBF723.S3
_bC5 2010eb
082 0 4 _a372.5
_222
100 1 _aCoholic, Diana,
_d1966-
245 1 0 _aArts activities for children and young people in need
_h[electronic resource] :
_bhelping children to develop mindfulness, spiritual awareness and self-esteem /
_cDiana Coholic.
260 _aLondon ;
_aPhiladelphia :
_bJessica Kingsley Publishers,
_c2010.
300 _a192 p. :
_bill.
504 _aIncludes bibliographical references and indexes.
533 _aElectronic reproduction.
_bPalo Alto, Calif. :
_cebrary,
_d2011.
_nAvailable via World Wide Web.
_nAccess may be limited to ebrary affiliated libraries.
650 0 _aArts
_xTherapeutic use.
650 0 _aSelf-consciousness (Awareness)
650 0 _aSelf-esteem in children.
655 7 _aElectronic books.
_2local
710 2 _aebrary, Inc.
856 4 0 _uhttp://site.ebrary.com/lib/rucke/Doc?id=10446987
_zAn electronic book accessible through the World Wide Web; click to view
999 _c247165
_d247165